Metódy strojového učenia pri zisťovaní podobnosti sietí

Guardado en:
Detalles Bibliográficos
Autor principal: Figula, Marián (Autor)
Otros Autores: Nehéz, Martin (Orientador)
Formato: Manuscrito Libro
Lenguaje:eslovaco
Publicado: 2025
Materias:
Acceso en línea:http://is.stuba.sk/zp/portal_zp.pl?podrobnosti=184375
Etiquetas: Agregar Etiqueta
Sin Etiquetas, Sea el primero en etiquetar este registro!

MARC

LEADER 00000ntm a22000003a 4500
001 stuzp104269
003 SK-STU
005 20250614212833.4
007 ta
008 150427s2015----xo-----f-mn---000-0-slo-d
040 |a STU  |b slo 
041 0 |a slo 
100 1 |a Figula, Marián  |u 035000  |4 aut  |U FEI Fakulta elektrotechniky a informatiky  |T FEI Ústav informatiky a matematiky  |X 111227  |U E050  |Y 816  |7 111227 
242 0 1 |a Machine learning methods in network similarity detection  |y eng 
245 1 0 |a Metódy strojového učenia pri zisťovaní podobnosti sietí 
260 |c 2025 
650 4 |a neural networks  |2 eng 
650 4 |a graphlet  |2 eng 
650 4 |a machine learning  |2 eng 
650 4 |a ORCA  |2 eng 
650 4 |a strojové učenie  |2 slo 
650 4 |a neurónové siete  |2 slo 
650 4 |a ORCA  |2 slo 
650 4 |a graflet  |2 slo 
700 1 |a Nehéz, Martin  |u 035000  |k Z1  |4 ths  |U FEI Fakulta elektrotechniky a informatiky  |T FEI Ústav informatiky a matematiky  |X 38260  |U E050  |Y 816  |7 A0000038260 
856 4 |u http://is.stuba.sk/zp/portal_zp.pl?podrobnosti=184375